[Event "GER-chT U14"]
[Site "Magdeburg"]
[Date "2018.12.27"]
[Round "2.2"]
[White "Eberwein, Leander"]
[Black "Straub, Benno"]
[Result "0-1"]
[WhiteElo "1332"]
[BlackElo "1560"]
[PlyCount "108"]
[EventDate "2018.12.27"]
[EventType "team-swiss"]
[EventRounds "7"]
[EventCountry "GER"]
[SourceTitle "CBM 188 Extra"]
[Source "ChessBase"]
[SourceDate "2019.02.28"]
[SourceVersion "1"]
[SourceVersionDate "2019.02.28"]
[SourceQuality "1"]
[WhiteTeam "Brackel"]
[BlackTeam "Freiburg Zaehringen"]
[WhiteTeamCountry "GER"]
[BlackTeamCountry "GER"]

1. e4 e5 2. Nf3 Nc6 3. Bc4 Bc5 4. d3 Nf6 5. Nc3 d6 6. h3 h6 7. Be3 Bb6 8. Qd2 Be6 9. Bb3 0-0 10. 0-0 Na5 11. Bxe6 fxe6 12. Na4 Nc6 13. Nxb6 axb6 14. a3 d5 15. exd5 exd5 16. d4 Ne4 17. Qd3 exd4 18. Nxd4 Ne5 19. Qe2 c5 20. Ne6 Qd7 21. Nxf8 Rxf8 22. Rad1 Re8 23. Bf4 Nc6 24. Rfe1 Nd4 25. Qd3 Qf5 26. Be3 Rf8 27. Bxd4 cxd4 28. f3 Nc5 29. Qxf5 Rxf5 30. Rxd4 Kf7 31. Kf2 Ne4+ 32. Kg1 Nd6 33. g4 Rxf3 34. Rf1 Rxf1+ 35. Kxf1 Ke6 36. Kf2 Nc4 37. b3 Nxa3 38. Rb4 b5 39. c4 bxc4 40. bxc4 dxc4 41. Rxb7 g5 42. Rb6+ Kd5 43. Rxh6 c3 44. Ke2 Nc4 45. Kd3 Ne5+ 46. Kxc3 Ke4 47. Re6 Kf4 48. Rxe5 Kxe5 49. Kd3 Kf4 50. Kd4 Kg3 51. Ke5 Kxh3 52. Ke4 Kxg4 53. Ke3 Kg3 54. Ke2 Kg2 0-1